Atlas visual de las ciencias
Guardado en:
| Formato: | Libro |
|---|---|
| Publicado: |
Barcelona :
Océano, s.f
|
| Materias: | |
| Etiquetas: |
Agregar Etiqueta
Sin Etiquetas, Sea el primero en etiquetar este registro!
|
| LEADER | 00606nam a22001695a 4500 | ||
|---|---|---|---|
| 001 | CEM.cems012331 | ||
| 005 | 20160811175354.0 | ||
| 008 | 130507b######################000#0#####d | ||
| 003 | CEMS | ||
| 020 | |a 8449413087 | ||
| 082 | 0 | 4 | |a C570 |
| 245 | 0 | 0 | |a Atlas visual de las ciencias |
| 260 | |a Barcelona : |b Océano, s.f | ||
| 300 | |a 1072 p. + 1 CD-ROM | ||
| 505 | 0 | |a Física -- Química -- Astronomía -- Geología -- Minerología - Ecología -- Anatomía -- Fisiología -- Biología -- Invertebrados -- Vertebrados -- Botánica | |
| 653 | |a Ciencias- atlas | ||
| 859 | |a CEMS |b BIB. CEMS - 11 de abril |h C570 |i At65 |p 23524.06 |t Ej.1 | ||
